000 00880nam a2200205Ia 4500
008 0000002005 sp a 0000000000spa00
090 _aPSP00 S28s
100 1 _aSevilla, Soledad
_d1944
245 1 0 _aSoledad Sevilla
_b: el rompido
_c/ traducción María de Gracia García ; fotografías Jorge Oronoz ...[ et al.]
300 _a41 p.
_c/ 27 cm.
500 _aExposición realizada en la Galería Soledad Lorenzo, Madrid, Junio 2 Julio 15, 2005 \ Con el patronazgo del maestro venezolano Jesús Rafael Soto (q.e.p.d.)
600 0 0 _a SEVILLA, SOLEDAD, 1944/
_xTRABAJOS PICTORICOS
650 1 4 _a PINTURA ESPAÑOLA
650 1 4 _aARTE CONTEMPORANEO ESPAÑOL
650 1 4 _xCATALOGOS
650 1 4 _xEXPOSICIONES
650 1 4 _aPINTORES ESPAÑOLES
700 1 _aGracia García, María de, tr. \ Oronoz, Jorge
999 _c619
_d619
260 _aMadrid : Galería Soledad Lorenzo
_c2005